| 000 | 00835nam a2200241 a 4500 | ||
|---|---|---|---|
| 001 | 000016615 | ||
| 003 | DO-SdBNP | ||
| 005 | 20230113133318.0 | ||
| 007 | ta | ||
| 008 | 100308s1996 dr 000 0 spa d | ||
| 040 |
_aDO-SdBNP _bspa _cBNPHU |
||
| 049 | _aBNPD | ||
| 082 | 4 |
_bV468e _222 |
|
| 100 | 1 |
_aVentura Mota, Carlos Manuel, _d1959- _936917 |
|
| 245 | 1 | 0 |
_aEstudio sobre el alquiler de casas y desahucios en la República Dominicana / _cCarlos Manuel Ventura Mota ; prólogo Almanzor González Canahuate. |
| 260 |
_aSanto Domingo : _bLa Abeja, _c1996. |
||
| 300 |
_a129 p. ; _c21 cm. |
||
| 500 | _aIncluye datos biográficos del autor en la solapa de la cubierta | ||
| 504 | _aBibliografías : p. 128-129 | ||
| 590 | _aInventariado, 2023/BT | ||
| 700 | 1 |
_aGonzález Canahuate, Almanzor, _epról. _916436 |
|
| 942 |
_2ddc _cLBS1 |
||
| 999 |
_c16148 _d16148 |
||